| 000 | 00613nam a2200217 a 4500 | ||
|---|---|---|---|
| 005 | 20240320063700.0 | ||
| 008 | 030910s2001 mx r 000 0 spa d | ||
| 020 | _a8466602364 | ||
| 035 | _aUPN01000128741 | ||
| 049 | _aCG | ||
| 050 | 4 |
_aPS3503 A5 _bB8 |
|
| 100 | 1 | _aBaldacci, David | |
| 245 | 1 | 0 |
_aBuena suerte / _cDavid Baldacci ; tr. Mercé Diago. |
| 260 |
_aBarcelona : _bEdiciones B, _c2001. |
||
| 300 | _a378 p. | ||
| 440 | 3 | _aLa trama | |
| 534 |
_pTraducción de: _tWish you well |
||
| 650 | 4 |
_aNovela estadounidense _94462 |
|
| 650 | 2 |
_aLiteratura estadounidense _ySiglo XX _95165 |
|
| 905 | _aLibro | ||
| 999 |
_c100918 _d100918 |
||